[Event "FIN-ch U18/U20"]
[Site "Turku"]
[Date "2019.06.06"]
[Round "1"]
[White "Kivimaki, Kasper"]
[Black "Karjalainen, Nuutti"]
[Result "1-0"]
[WhiteElo "2013"]
[BlackElo "1623"]
[PlyCount "59"]
[EventDate "2019.06.06"]
[EventType "swiss"]
[EventRounds "7"]
[EventCountry "FIN"]
[SourceTitle "EXT 2021"]
[Source "ChessBase"]
[SourceDate "2020.10.23"]
[SourceVersion "1"]
[SourceVersionDate "2020.10.23"]
[SourceQuality "1"]

1. e4 e6 2. d4 d5 3. e5 c5 4. c3 Nc6 5. Nf3 Bd7 6. Bd3 Qb6 7. dxc5 Bxc5 8. 0-0 a5 9. a4 Nge7 10. Na3 Ng6 11. Qe2 Bxa3 12. Rxa3 Qc7 13. Re1 0-0 14. h4 Nge7 15. Bxh7+ Kh8 16. Bb1 Nf5 17. g4 Nh6 18. Bxh6 gxh6 19. Qd3 f5 20. exf6 Be8 21. Rxe6 Rf7 22. Qe3 Bd7 23. Qxh6+ Kg8 24. Qg6+ Kf8 25. Ng5 Be8 26. Re7 Rxe7 27. Qh6+ Kg8 28. fxe7 Qxe7 29. Bh7+ Kh8 30. Bf5+ 1-0

[Event "FIN-ch U18"]
[Site "Valkeakoski"]
[Date "2018.06.09"]
[Round "6"]
[White "Bederdin, Lauri"]
[Black "Karjalainen, Nuutti"]
[Result "1-0"]
[WhiteElo "2000"]
[BlackElo "1502"]
[PlyCount "55"]
[EventDate "2018.06.07"]
[EventType "tourn"]
[EventRounds "7"]
[EventCountry "FIN"]
[SourceTitle "EXT 2022"]
[Source "ChessBase"]
[SourceDate "2021.10.06"]
[SourceVersion "1"]
[SourceVersionDate "2021.10.06"]
[SourceQuality "1"]

1. d4 Nf6 2. c4 e6 3. g3 d5 4. Nf3 c5 5. cxd5 exd5 6. Bg2 Bd6 7. 0-0 0-0 8. dxc5 Bxc5 9. Nc3 Qa5 10. Nxd5 Nxd5 11. Nd2 Nf6 12. Nb3 Qb6 13. Qc2 Nbd7 14. Bd2 Bb4 15. Be3 Qe6 16. a3 Be7 17. Nd4 Qg4 18. Nf5 Bc5 19. Bxc5 Nxc5 20. Ne7+ Kh8 21. Qxc5 Be6 22. Bxb7 Ne4 23. Qe3 f5 24. Bxa8 Rxa8 25. f3 Qh3 26. fxe4 Re8 27. Qg5 Rf8 28. Rf4 1-0

[Event "FIN-ch U18"]
[Site "Valkeakoski"]
[Date "2018.06.07"]
[Round "2"]
[White "Karjalainen, Nuutti"]
[Black "Nazarova, Anastasia"]
[Result "0-1"]
[WhiteElo "1502"]
[BlackElo "2137"]
[PlyCount "80"]
[EventDate "2018.06.07"]
[EventType "tourn"]
[EventRounds "7"]
[EventCountry "FIN"]
[SourceTitle "EXT 2022"]
[Source "ChessBase"]
[SourceDate "2021.10.06"]
[SourceVersion "1"]
[SourceVersionDate "2021.10.06"]
[SourceQuality "1"]

1. d4 d5 2. c4 e6 3. Nc3 Nf6 4. Bg5 Be7 5. cxd5 exd5 6. e3 c6 7. Bd3 Nbd7 8. Nge2 Nh5 9. Bxe7 Qxe7 10. 0-0 0-0 11. Qc2 g6 12. e4 dxe4 13. Bxe4 Ndf6 14. Bd3 Qd6 15. h3 Ng7 16. Rad1 Be6 17. Rfe1 Rad8 18. b3 Bf5 19. Bxf5 Nxf5 20. Na4 Rfe8 21. Qc3 Re7 22. Qc5 Qxc5 23. Nxc5 b6 24. Na6 Red7 25. Nb4 c5 26. Nc6 Rc8 27. Ne5 Rd5 28. Rc1 Nxd4 29. Nc3 Rdd8 30. Ne2 Ne6 31. a4 Nd5 32. Ra1 Nb4 33. Rec1 Rd2 34. Nc3 Nd4 35. Nc4 Rd3 36. Kf1 Nxb3 37. Ne5 Nxc1 38. Rxc1 Rdd8 39. Ne2 Nd3 40. Rd1 Nxe5 0-1